Students on strike / (Record no. 4139)
[ view plain ]
| 000 -LEADER | |
|---|---|
| fixed length control field | 02865nam a22002657a 4500 |
| 001 - CONTROL NUMBER | |
| control field | 4139 |
| 003 - CONTROL NUMBER IDENTIFIER | |
| control field | FISKH |
| 005 - DATE AND TIME OF LATEST TRANSACTION | |
| control field | 20240611140738.0 |
| 008 - FIXED-LENGTH DATA ELEMENTS--GENERAL INFORMATION | |
| fixed length control field | 240611b cb ||||| |||| 00| 0 eng d |
| 020 ## - INTERNATIONAL STANDARD BOOK NUMBER | |
| International Standard Book Number | 9780545174480 |
| 040 ## - CATALOGING SOURCE | |
| Original cataloging agency | FISKH |
| Language of cataloging | eng |
| Transcribing agency | FISKH |
| Modifying agency | FISKH |
| 050 ## - LIBRARY OF CONGRESS CALL NUMBER | |
| Classification number | LC2731.S76 |
| 082 ## - DEWEY DECIMAL CLASSIFICATION NUMBER | |
| Classification number | 371.829 |
| 100 ## - MAIN ENTRY--PERSONAL NAME | |
| Personal name | A. Stokes John |
| Dates associated with a name | 1931- |
| 245 ## - TITLE STATEMENT | |
| Title | Students on strike / |
| Statement of responsibility, etc. | John A. Stokes |
| 260 ## - PUBLICATION, DISTRIBUTION, ETC. | |
| Place of publication, distribution, etc. | New York : |
| Name of publisher, distributor, etc. | Scholastic, |
| Date of publication, distribution, etc. | 2008 |
| 300 ## - PHYSICAL DESCRIPTION | |
| Extent | 127 pages : |
| Dimensions | 20 cm |
| 505 ## - FORMATTED CONTENTS NOTE | |
| Formatted contents note | U<br/> |
| 520 ## - SUMMARY, ETC. | |
| Summary, etc. | John Stokes has waited more than 50 years to give his eyewitness account of "The Manhattan Project." This was the name he and a group of fellow students gave their strike at R.R. Moton High School that helped to end separate schooling for blacks and whites, not only in his home state of Virginia, but throughout America. Told in Stokes’ own words, the story vividly conveys how his passion for learning helped set in motion one of the most powerful movements in American history, resulting in the desegregation of schools--and life--in the United States. As a child tending crops on the family farm, John Stokes never dreamed that one day he would be at the center of the Civil Rights Movement. Yet, on April 23, 1951, he and his fellow students walked out of the school and into the history books. Their school was built to accommodate 180 students, yet over 400 black students attended classes in leaky buildings with tar paper walls. A potbelly stove served as the only source of heat, and the school lacked running water, indoor plumbing, and a cafeteria. Yet to Stokes and his fellow students, it was their path to a better life. Students on Strike is an evocative first-person narrative from a period of radical change in American history. Stokes recounts the planning of the student walkout, the secret meetings, the plot to send the principal on a wild goose chase after "truant" students, and the strategy to boycott classes until conditions improved. The author recalls the challenges in persuading teachers and parents to support the strike, and the intimidation that came in the form of threats and a cross-burning on school grounds. Archival illustrations from Stokes’ scrapbook add to the emotional impact of his story. The narrative follows the course of the lawsuits filed by the NAACP, which would became part of the historic Brown v Board of Education ruling of the U.S. Supreme Court and the subsequent end to segregation in America. Young readers will relish this inspirational account of the heroic struggles of John Stokes and his fellow students; they will also learn a timeless lesson that people with little influence--but with great determination--can make a difference.<br/> |
| 521 8# - TARGET AUDIENCE NOTE | |
| Target audience note | 1030<br/> |
| Source | Lexile<br/> |
| 521 8# - TARGET AUDIENCE NOTE | |
| Target audience note | U<br/> |
| Source | Raz-Plus<br/> |
| 700 ## - ADDED ENTRY--PERSONAL NAME | |
| Personal name | John A. Stokes |
| 942 ## - ADDED ENTRY ELEMENTS (KOHA) | |
| Source of classification or shelving scheme | Dewey Decimal Classification |
| Koha item type | Books |
| Suppress in OPAC | No |
| Withdrawn status | Lost status | Source of classification or shelving scheme | Damaged status | Not for loan | Collection | Home library | Current library | Shelving location | Date acquired | Total Checkouts | Full call number | Barcode | Date last seen | Copy number | Price effective from | Koha item type |
|---|---|---|---|---|---|---|---|---|---|---|---|---|---|---|---|---|
| Dewey Decimal Classification | Non-Fiction | Footprints International School Library Network Toul Kork Campus | Footprints International School Library Network Toul Kork Campus | TTP Secondary Non-Fiction Bookshelves | 06/11/2024 | STO LC2731.S76 371.829 | 2024-0868 | 06/11/2024 | 1 | 06/11/2024 | Books | |||||
| Dewey Decimal Classification | Non-Fiction | Footprints International School Library Network Toul Kork Campus | Footprints International School Library Network Toul Kork Campus | TTP Secondary Non-Fiction Bookshelves | 06/11/2024 | STO LC2731.S76 371.829 | 2024-0870 | 06/11/2024 | 2 | 06/11/2024 | Books |
